FIFA World Cup 2026 - Tunisia Squad - Statistics

General Stats
  • This quiz has been taken 4 times
  • The average score is 8 of 27
Answer Stats
Team # Position Club/Country Player % Correct
Tunisia 17 DM Eintracht Frankfurt Ellyes Skhiri
100%
Tunisia 13 DM 1.FC Union Berlin Rani Khedira
100%
Tunisia 10 AM Burnley FC Hannibal
75%
Tunisia 25 CM Norwich City Anis Ben Slimane
50%
Tunisia 6 CB Servette FC Dylan Bronn
50%
Tunisia Manager France Sabri Lamouchi
50%
Tunisia 2 LB OGC Nice Ali Abdi
25%
Tunisia 16 GK CS Sfaxien Aymen Dahmen
25%
Tunisia 7 LW FC Copenhagen Elias Achouri
25%
Tunisia 8 LW Hannover 96 Elias Saad
25%
Tunisia 19 ST Club Africain Firas Chaouat
25%
Tunisia 9 ST Dinamo Makhachkala Hazem Mastouri
25%
Tunisia 11 LW FC Augsburg Ismaël Gharbi
25%
Tunisia 14 RW Paris Saint-Germain Espoirs Khalil Ayari
25%
Tunisia 15 DM FC Lugano Mohamed Belhadj Mahmoud
25%
Tunisia 3 CB FC Lorient Montassar Talbi
25%
Tunisia 4 CB NK Maribor Omar Rekik
25%
Tunisia 18 ST Vancouver Whitecaps FC Rayan Elloumi
25%
Tunisia 26 LW Celtic FC Sebastian Tounekti
25%
Tunisia 20 RB BSC Young Boys Yan Valery
25%
Tunisia 1 GK Club Africain Abdelmouhib Chamakh
0%
Tunisia 5 CB Kasimpasa Adem Arous
0%
Tunisia 21 LB Esperance Tunis Mohamed Amine Ben Hamida
0%
Tunisia 12 LW Kasimpasa Mortadha Ben Ouanes
0%
Tunisia 23 RB IFK Norrköping Moutaz Neffati
0%
Tunisia 24 CB US Monastir Raed Chikhaoui
0%
Tunisia 22 GK Etoile Sportive du Sahel Sabri Ben Hessen
0%
No matching quizzes found
Score Distribution
Percent of People with Each Score
Percentile by Number Answered
Your Score History
You have not taken this quiz